02162nam a2200265 i 4500003000900000005001700009006001900026007000300045008004100048040003000089082001400119100004200133245008500175264004200260300002800302336002700330337003400357338002800391505124800419590002701667700004001694942001401734952013101748999001701879DO-SdBNP20260305074000.0a||||gr|||| 00| 0 ta230907t1988 dr ||||| |||| 00| 0 spa d aDO-SdBNPbspacBNPHUerda 4222bG377p1 aGerón, Candido,d1948-eautor9357710aLos primeros pasos de un oficio. /cCandido Geron; prólogo, Aníbal de Castro 4aSanto Domingo :bSanto Domingo,c1988 a157 páginas ;c21 cm. 2rdacontentatextobtxt 2rdamediaasin mediaciónbn 2rdacarrieravolumenbnc aPrólogo.tAlejo Carpentier.-- En "La Ruta": Cebrián es un Minero de la Complejidad Humana.-- Lo Fáctico y Teórico en el Creador.-- La Ultima novela de Bonaparte Gautreaux Piñeyro.-- Visión Conjunta en las obras Literarias de Balaguer.-- Orlando Gil El Poeta.-- Los personajes de Vicent Van Gogh.-- La Elegancia Formal en Delacroix.-- La Sorprendente Fuerza Imaginativa de Corot.-- Unidad Cromática y Efecto Final en la Obra de Renoir.-- La Presencia Marcada de Vicente Pimentel en París.-- El Expresionismo Abstracto de Ruiz Bermejo.-- tTeoría para una Mayor Comprensión del Surrealismo en al Sociedad Taína.-- La Trayectoria Pictórica de Domingo Liz.-- Exuberancia Musical en las Esculturas de Alberto Ulloa.-- Técnicas y Secretos en a Pintura del Maestro Bidó.-- Analogía, Sincronicidad y Pensar Mítico en la Obra de Guadalupe.-- Simbiosis Entre Surrealismo y Postainismo en la Obra de Félix Moya.-- La Peculiaridad del Símbolo en la Obra de Dionisio Blanco.--tLos Signos de la Incomprensión en la Obra de Amable Sterling.-- Elsa Núñez Penetra en la Intimidad de los Sueños.-- La proyección Pictórica de Jacinto Domínguez.-- La Pintura de Freddy Javier Hay una Gran Preocupación Social.  aInventariado 2023 / MF1 aCastro, Anibal de,98559eprólogo 2ddccLBS1 00102ddc51708PDaBNPHUbBNPHUcCTd2019-11-15eDonado por Erianey Groupl0oG377pp2023-5687r2023-09-07w2023-09-07yLBS1 c54647d54647